[Event "NAYCC U10"]
[Site "Windsor CAN"]
[Date "2016.08.09"]
[Round "4.125"]
[White "Rama, Tejas"]
[Black "Kang, Dorian"]
[Result "0-1"]
[WhiteElo "1712"]
[BlackElo "1528"]
[PlyCount "130"]
[EventDate "2016.08.07"]
[EventType "swiss"]
[EventRounds "9"]
[EventCountry "CAN"]

1. d4 Nf6 2. c4 g6 3. Nc3 d5 4. Nf3 Bg7 5. h3 O-O 6. Bf4 c6 7. e3 Qa5 8. a3 Ne4
9. Qc2 Bf5 10. Bd3 Nxc3 11. bxc3 dxc4 12. Bxf5 Qxf5 13. Qxf5 gxf5 14. Rb1 b5
15. Nh4 e6 16. Bd6 Rd8 17. Bc7 Rc8 18. Ba5 Nd7 19. O-O Bf8 20. Ra1 Be7 21. Nf3
c5 22. Rfb1 a6 23. a4 Rab8 24. axb5 axb5 25. Nd2 cxd4 26. exd4 Nf6 27. Nf3 Nd5
28. Ra2 Ra8 29. Raa1 b4 30. cxb4 Bxb4 31. Bxb4 Rxa1 32. Rxa1 Nxb4 33. Rc1 c3
34. Kf1 c2 35. Ne1 Rc4 36. Ke2 Rxd4 37. Nxc2 Rc4 38. Kd2 Rxc2+ 39. Rxc2 Nxc2
40. Kxc2 Kg7 41. Kd3 Kf6 42. Kd4 e5+ 43. Ke3 f4+ 44. Kf3 h5 45. Ke4 h4 46. Kd5
Kf5 47. f3 f6 48. Kd6 e4 49. fxe4+ Kxe4 50. Ke6 f3 51. gxf3+ Kxf3 52. Kxf6 Kg3
53. Ke5 Kxh3 54. Kf4 Kg2 55. Kg4 h3 56. Kf5 h2 57. Ke6 h1=Q 58. Ke5 Qh6 59. Kd4
Qc6 60. Ke5 Kf3 61. Kf5 Qd6 62. Kg5 Ke4 63. Kg4 Qg6+ 64. Kh3 Kf3 65. Kh2 Qg2#
0-1

[Event "NAYCC U10"]
[Site "Windsor CAN"]
[Date "2016.08.09"]
[Round "4.126"]
[White "Kondakov, Adrian"]
[Black "Balachandran, Kousihan"]
[Result "0-1"]
[WhiteElo "1675"]
[BlackElo "1400"]
[PlyCount "90"]
[EventDate "2016.08.07"]
[EventType "swiss"]
[EventRounds "9"]
[EventCountry "CAN"]

1. e4 c5 2. b3 Nc6 3. Bb2 d6 4. Bb5 Bd7 5. Bxc6 Bxc6 6. d3 e6 7. f4 d5 8. e5 d4
9. Nf3 Ne7 10. O-O Nf5 11. Bc1 Be7 12. g4 Nh6 13. h3 Ng8 14. f5 exf5 15. gxf5
Qd7 16. e6 fxe6 17. Ne5 Qd5 18. Nxc6 Qxc6 19. Qh5+ Kd8 20. Qf7 exf5 21. Qxg7
Qg6+ 22. Qxg6 hxg6 23. Kg2 Nf6 24. Nd2 Nd5 25. Nc4 Ke8 26. a4 Nb4 27. Rf2 Kf7
28. Bf4 Nd5 29. Be5 Rhg8 30. Kh2 b6 31. Re2 g5 32. Rf1 f4 33. Bd6 Bxd6 34.
Nxd6+ Kg7 35. Re5 Ne3 36. Rf2 Kf6 37. Re4 Rh8 38. Re2 Rad8 39. Nc4 Rxh3+ 40.
Kg1 Rdh8 41. Nxe3 dxe3 42. d4 Rh1+ 43. Kg2 R8h2+ 44. Kf3 Rf1+ 45. Kg4 Rh4# 0-1

[Event "NAYCC U10"]
[Site "Windsor CAN"]
[Date "2016.08.09"]
[Round "5.128"]
[White "Prestia, Paris"]
[Black "Bui, Alan"]
[Result "0-1"]
[WhiteElo "1591"]
[BlackElo "1404"]
[PlyCount "182"]
[EventDate "2016.08.07"]
[EventType "swiss"]
[EventRounds "9"]
[EventCountry "CAN"]

1. d4 Nf6 2. c4 e6 3. Nf3 b6 4. Bg5 Be7 5. e3 Bb7 6. Bd3 h6 7. Bh4 O-O 8. Nc3
d5 9. cxd5 exd5 10. Rc1 Ne4 11. Bxe7 Qxe7 12. O-O Rd8 13. Ne5 Nd7 14. f4 c5 15.
Nxe4 dxe4 16. Bc4 Nxe5 17. fxe5 Bd5 18. Qg4 cxd4 19. exd4 Bxc4 20. Rxc4 b5 21.
Rc5 Rxd4 22. Rxb5 a6 23. Ra5 Qc7 24. Ra3 Qxe5 25. Rh3 Rd6 26. Re1 f5 27. Qe2
Qd4+ 28. Kh1 Rb8 29. b3 Re8 30. Qe3 Qxe3 31. Rhxe3 f4 32. R3e2 Rd4 33. h4 e3
34. Kh2 Red8 35. g3 Rd2 36. Kh3 Rxe2 37. Rxe2 Rd2 38. Re1 fxg3 39. Kxg3 e2 40.
a4 Rd3+ 41. Kf2 Rxb3 42. Rxe2 Rb4 43. a5 Rxh4 44. Re6 Rf4+ 45. Kg3 Rf6 46. Re5
Kf7 47. Kg4 g6 48. Re1 h5+ 49. Kg3 Rf5 50. Ra1 Kf6 51. Kh4 Rf4+ 52. Kg3 Kf5 53.
Rc1 Kg5 54. Rc6 Rf6 55. Rc1 h4+ 56. Kh3 Rf3+ 57. Kg2 Kg4 58. Rc6 h3+ 59. Kh2 g5
60. Rc4+ Rf4 61. Rc3 Rf2+ 62. Kg1 Rf3 63. Rc2 Kg3 64. Rc1 Ra3 65. Rb1 Rxa5 66.
Rb3+ Kh4 67. Kh2 Ra2+ 68. Kg1 g4 69. Rb1 a5 70. Rc1 a4 71. Rb1 h2+ 72. Kh1 a3
73. Rb3 Ra1+ 74. Kxh2 g3+ 75. Kg2 Ra2+ 76. Kf1 Rf2+ 77. Kg1 a2 78. Ra3 Rb2 79.
Ra4+ Kh3 80. Kf1 g2+ 81. Kg1 Rb1+ 82. Kf2 g1=Q+ 83. Ke2 Qg4+ 84. Rxg4 Kxg4 85.
Kd2 a1=Q 86. Kd3 Qa3+ 87. Kd4 Rb4+ 88. Kc5 Qa5+ 89. Kc6 Rb6+ 90. Kc7 Qa7+ 91.
Kc8 Rb8# 0-1

[Event "NAYCC U10"]
[Site "Windsor CAN"]
[Date "2016.08.09"]
[Round "5.129"]
[White "Zheng, Michael"]
[Black "Vijayakumar, Advaith"]
[Result "0-1"]
[WhiteElo "1811"]
[BlackElo "1402"]
[PlyCount "92"]
[EventDate "2016.08.07"]
[EventType "swiss"]
[EventRounds "9"]
[EventCountry "CAN"]

1. e4 e6 2. d4 d5 3. e5 c5 4. c3 Nc6 5. Nf3 Qb6 6. a3 c4 7. Nbd2 Na5 8. g3 Bd7
9. Bh3 Ne7 10. O-O Qc7 11. Re1 Nc8 12. Nf1 Be7 13. N3d2 Nb6 14. f4 O-O-O 15.
Ne3 Kb8 16. Qf3 g6 17. Bg2 h5 18. h3 Rdg8 19. h4 Ba4 20. Kf2 Rg7 21. Rh1 Rgh7
22. Ke2 Nc8 23. Rb1 Nb3 24. Nxb3 Bxb3 25. Bd2 a6 26. Rhc1 Na7 27. Be1 Nc6 28.
Bf2 Na5 29. Nf1 Ba2 30. Nd2 Bxb1 31. Rxb1 Qb6 32. Be3 Nb3 33. Bf2 Nxd2 34. Kxd2
Bxa3 35. Qd1 Be7 36. b3 cxb3 37. Rxb3 Qc7 38. Bf1 Kc8 39. Qa1 Qc6 40. Qb1 Bd8
41. Be1 Re8 42. Ke3 Re7 43. Bg2 Rc7 44. Rb6 Qxb6 45. Qxb6 Rxc3+ 46. Bxc3 Bxb6
0-1

[Event "NAYCC U10"]
[Site "Windsor CAN"]
[Date "2016.08.09"]
[Round "5.130"]
[White "Tsay, William"]
[Black "Rama, Tejas"]
[Result "1/2-1/2"]
[WhiteElo "1399"]
[BlackElo "1712"]
[PlyCount "67"]
[EventDate "2016.08.07"]
[EventType "swiss"]
[EventRounds "9"]
[EventCountry "CAN"]

1. d4 d5 2. Bf4 Nf6 3. e3 Bf5 4. c4 e6 5. Nf3 Bb4+ 6. Nbd2 O-O 7. h3 c6 8. Nh4
Ne4 9. Nhf3 Qb6 10. Qc1 Bg6 11. a3 Nxd2 12. Nxd2 Bxd2+ 13. Qxd2 c5 14. dxc5
Qxc5 15. cxd5 Qxd5 16. Qxd5 exd5 17. Rd1 Rd8 18. Bc4 Be4 19. f3 Nc6 20. Ba2 Bc2
21. Rd2 Bf5 22. Rxd5 Be6 23. Rxd8+ Nxd8 24. Bxe6 Nxe6 25. Bg3 Rd8 26. Ke2 Rc8
27. Kd2 Rd8+ 28. Ke2 Kf8 29. Rd1 Rxd1 30. Kxd1 Ke7 31. Kd2 Kd7 32. Kc3 Kc6 33.
a4 Nc5 34. b3 1/2-1/2

[Event "NAYCC U10"]
[Site "Windsor CAN"]
[Date "2016.08.09"]
[Round "5.131"]
[White "Srinivas, Atharva"]
[Black "Kondakov, Adrian"]
[Result "0-1"]
[WhiteElo "1388"]
[BlackElo "1675"]
[PlyCount "74"]
[EventDate "2016.08.07"]
[EventType "swiss"]
[EventRounds "9"]
[EventCountry "CAN"]

1. e4 e6 2. d4 d5 3. e5 c5 4. c3 Nc6 5. Nf3 Qb6 6. Be2 Bd7 7. O-O Nh6 8. h3 Nf5
9. dxc5 Bxc5 10. b4 Be7 11. Bd3 Nh4 12. Nxh4 Bxh4 13. Qg4 Be7 14. Qxg7 O-O-O
15. Bxh7 Nxe5 16. Qxe5 Rxh7 17. Be3 Qc7 18. Qxc7+ Kxc7 19. Nd2 Rg8 20. Bf4+ Kc8
21. Bg3 e5 22. Kh2 Bd6 23. a3 f5 24. f3 f4 25. Bf2 Rgh8 26. Bxa7 Bxh3 27. gxh3
Rxh3+ 28. Kg1 Be7 29. Kf2 Kc7 30. Bc5 Bf6 31. b5 Rh2+ 32. Ke1 Rg2 33. a4 Rhh2
34. Nb3 b6 35. Bb4 Rb2 36. Nc1 Bh4+ 37. Rf2 Rh1# 0-1

[Event "NAYCC U10"]
[Site "Windsor CAN"]
[Date "2016.08.09"]
[Round "5.132"]
[White "Zong, Davis"]
[Black "Singireddy, Ruthvik"]
[Result "1-0"]
[WhiteElo "1675"]
[BlackElo "1398"]
[PlyCount "39"]
[EventDate "2016.08.07"]
[EventType "swiss"]
[EventRounds "9"]
[EventCountry "CAN"]

1. e4 e5 2. Nf3 Nc6 3. Bc4 Bc5 4. c3 Nf6 5. d3 O-O 6. O-O d5 7. exd5 Nxd5 8.
Nbd2 Nb6 9. b4 Bd6 10. Bb3 Bf5 11. Qe2 a6 12. Ne4 Bxe4 13. Qxe4 h6 14. Bxh6 Be7
15. Qg6 Bf6 16. Ng5 Re8 17. Qxf7+ Kh8 18. Bxg7+ Bxg7 19. Qh5+ Bh6 20. Qxh6# 1-0

[Event "NAYCC U10"]
[Site "Windsor CAN"]
[Date "2016.08.09"]
[Round "5.133"]
[White "Guo, Roger"]
[Black "Kamath, Atul"]
[Result "0-1"]
[WhiteElo "1183"]
[BlackElo "1637"]
[PlyCount "96"]
[EventDate "2016.08.07"]
[EventType "swiss"]
[EventRounds "9"]
[EventCountry "CAN"]

1. d4 Nf6 2. Nf3 d5 3. e3 e6 4. Bd3 c5 5. b3 Nc6 6. Bb2 Bd6 7. O-O O-O 8. Nbd2
cxd4 9. exd4 Bd7 10. Ne5 Rc8 11. a3 a6 12. c4 dxc4 13. Ndxc4 Bc7 14. Bc2 b5 15.
Ne3 Re8 16. Qd3 Bd6 17. Nxc6 Bxc6 18. d5 exd5 19. Rfe1 g6 20. Bd4 Be5 21. Qc3
Bd7 22. Qb2 Bxd4 23. Qxd4 Bc6 24. Rac1 Bb7 25. Bd3 Rxc1 26. Rxc1 Qd6 27. h3 Ba8
28. Ng4 Nxg4 29. Qxg4 Qxa3 30. Rc8 Qf8 31. Rxe8 Qxe8 32. Qd4 Qe7 33. Qb6 Qb7
34. Qd8+ Kg7 35. Qd6 Qc6 36. Qd8 Qc3 37. Bxb5 axb5 38. Qxa8 Qxb3 39. Qe8 Qb2
40. Qd8 Qd4 41. Qd7 b4 42. Qb7 Qc4 43. Qb6 Qc3 44. Qb5 d4 45. Qd5 d3 46. Qf3 b3
47. Qe4 d2 48. Qb1 Qc1+ 0-1

[Event "NAYCC U10"]
[Site "Windsor CAN"]
[Date "2016.08.09"]
[Round "5.134"]
[White "Zhang, Henry Z"]
[Black "Zhao, Jeffrey R"]
[Result "1-0"]
[WhiteElo "1315"]
[BlackElo "1496"]
[PlyCount "139"]
[EventDate "2016.08.07"]
[EventType "swiss"]
[EventRounds "9"]
[EventCountry "CAN"]

1. e4 c5 2. c3 e6 3. d4 d5 4. exd5 exd5 5. Nf3 Nf6 6. Bg5 Be6 7. Be2 h6 8. Bh4
Nc6 9. O-O Be7 10. dxc5 Bxc5 11. Nbd2 O-O 12. Nb3 Bb6 13. Nbd4 Bg4 14. Nxc6
bxc6 15. Ne5 Bxe2 16. Qxe2 Qd6 17. Bxf6 Qxf6 18. Nd7 Qd6 19. Nxf8 Bc7 20. g3
Rxf8 21. Rfe1 Bb6 22. Rad1 Qc5 23. Kg2 Kh7 24. Qd3+ Kh8 25. Re2 f5 26. Qf3 Kg8
27. Re5 f4 28. gxf4 Bc7 29. Qe3 Qd6 30. Re7 Qg6+ 31. Qg3 Qxg3+ 32. fxg3 Bb6 33.
Rde1 Kh7 34. Re8 Rf6 35. R1e6 Rf7 36. Rxc6 g5 37. Ree6 gxf4 38. Rxh6+ Kg8 39.
Rcg6+ Kf8 40. gxf4 Rxf4 41. Rf6+ Rxf6 42. Rxf6+ Ke7 43. Rg6 Kf7 44. Rd6 Ke7 45.
Rxd5 Ke6 46. c4 Ke7 47. h4 Kf7 48. Rg5 Bd8 49. Rg4 Bf6 50. b4 Be7 51. b5 Bc5
52. h5 Be3 53. a4 Ke7 54. Re4+ Kf6 55. Rxe3 Kg5 56. Re4 Kxh5 57. Kg3 Kg5 58.
Re5+ Kf6 59. Rd5 Ke6 60. Kf4 Ke7 61. Kf5 Kf7 62. Rd7+ Ke8 63. Rxa7 Kd8 64. Ke6
Kc8 65. Kd6 Kb8 66. Rh7 Kc8 67. c5 Kb8 68. b6 Ka8 69. c6 Kb8 70. Rh8# 1-0

[Event "NAYCC U10"]
[Site "Windsor CAN"]
[Date "2016.08.09"]
[Round "5.135"]
[White "Zhu, Max"]
[Black "Xie, Austin"]
[Result "0-1"]
[WhiteElo "1438"]
[BlackElo "1232"]
[PlyCount "86"]
[EventDate "2016.08.07"]
[EventType "swiss"]
[EventRounds "9"]
[EventCountry "CAN"]

1. e4 Nf6 2. e5 Nd5 3. c4 Nb6 4. d4 d5 5. c5 N6d7 6. Bd3 e6 7. Nf3 b6 8. Ng5
Bb7 9. Nxe6 Qc8 10. Nxf8 Nxf8 11. b4 Nc6 12. b5 Nxd4 13. c6 Nxc6 14. bxc6 Bxc6
15. Nc3 Ne6 16. Bb5 Bxb5 17. Nxb5 Qd7 18. Nc3 c6 19. Ba3 Nf4 20. Qf3 Ng6 21.
Bd6 Qe6 22. O-O-O O-O-O 23. Rhe1 Nh4 24. Qe2 Kb7 25. Rd4 Nf5 26. Ra4 Nxd6 27.
Qa6+ Kb8 28. Qxa7+ Kc8 29. exd6 Qxe1+ 30. Nd1 Rxd6 31. Qa8+ Kd7 32. Ra7+ Ke6
33. Qxh8 Kf6 34. Qxh7 Qb4 35. Qh5 Qc4+ 36. Kd2 Qd4+ 37. Kc2 Qc4+ 38. Nc3 d4 39.
Qh4+ Kg6 40. Qe4+ Kh6 41. Qf4+ Kh7 42. Qxd6 Qxc3+ 43. Kd1 d3 0-1

[Event "NAYCC U10"]
[Site "Windsor CAN"]
[Date "2016.08.09"]
[Round "5.136"]
[White "Yuan, Kevin"]
[Black "Yuan, Edison"]
[Result "1/2-1/2"]
[WhiteElo "975"]
[BlackElo "1666"]
[PlyCount "74"]
[EventDate "2016.08.07"]
[EventType "swiss"]
[EventRounds "9"]
[EventCountry "CAN"]

1. e4 c5 2. Nf3 e6 3. Bc4 Nc6 4. O-O d6 5. Bb5 a6 6. Bxc6+ bxc6 7. Nc3 Be7 8.
d3 d5 9. exd5 cxd5 10. Re1 Nf6 11. d4 O-O 12. h3 Qc7 13. Be3 Bb7 14. dxc5 Bxc5
15. Qd3 Bxe3 16. Rxe3 Rfe8 17. Rae1 Rad8 18. Re5 h6 19. Nd4 Qb6 20. b3 Bc6 21.
Kh1 Nd7 22. R5e2 Rb8 23. f4 Nf6 24. g4 Bd7 25. g5 hxg5 26. fxg5 Nh5 27. Rf2 g6
28. Ref1 Re7 29. Nde2 Bb5 30. Nxb5 Qxb5 31. Qc3 Rbb7 32. Qc8+ Qe8 33. Qc3 Rec7
34. Qd3 Qb5 35. Qd2 Qb4 36. Qd3 Qb5 37. Qd2 Qb4 1/2-1/2

[Event "NAYCC U10"]
[Site "Windsor CAN"]
[Date "2016.08.09"]
[Round "5.137"]
[White "Liu, Kevin"]
[Black "Dinatolo, Zack"]
[Result "1/2-1/2"]
[WhiteElo "914"]
[BlackElo "1385"]
[PlyCount "78"]
[EventDate "2016.08.07"]
[EventType "swiss"]
[EventRounds "9"]
[EventCountry "CAN"]

1. e4 e6 2. d4 d5 3. exd5 exd5 4. Bd3 Nf6 5. Nc3 Bd6 6. Nge2 Be6 7. O-O O-O 8.
Bg5 Nbd7 9. Re1 c6 10. Qd2 Qc7 11. h3 Rfe8 12. Bf4 Nf8 13. Bxd6 Qxd6 14. Ng3
Ng6 15. Re3 Bd7 16. Rae1 Rxe3 17. Rxe3 Re8 18. Nf5 Bxf5 19. Bxf5 Rxe3 20. Qxe3
Qf4 21. Bxg6 Qxe3 22. Bxh7+ Kxh7 23. fxe3 Kg6 24. Kf2 Kf5 25. Kf3 g5 26. g4+
Ke6 27. e4 dxe4+ 28. Nxe4 Nxe4 29. Kxe4 f6 30. c3 b5 31. b3 a6 32. c4 bxc4 33.
bxc4 a5 34. a4 Kd6 35. c5+ Ke6 36. Ke3 Ke7 37. Kd2 Ke6 38. Kc3 Ke7 39. Kd3 Kd7
1/2-1/2

[Event "NAYCC U10"]
[Site "Windsor CAN"]
[Date "2016.08.09"]
[Round "5.138"]
[White "Marcelloni, Jacob"]
[Black "Shlionsky, Aryah"]
[Result "0-1"]
[WhiteElo "786"]
[BlackElo "1893"]
[PlyCount "70"]
[EventDate "2016.08.07"]
[EventType "swiss"]
[EventRounds "9"]
[EventCountry "CAN"]

1. d4 Nf6 2. Nf3 g6 3. c4 c5 4. dxc5 Qa5+ 5. Nc3 Qxc5 6. e3 Bg7 7. Be2 O-O 8.
O-O d6 9. a3 Bf5 10. b4 Qc7 11. Bb2 a6 12. Bd3 Bxd3 13. Qxd3 Rc8 14. b5 Qxc4
15. Qd2 axb5 16. Rac1 Nbd7 17. Rc2 Ne4 18. Nxe4 Qxc2 19. Qxc2 Rxc2 20. Bxg7
Kxg7 21. h3 Rxa3 22. Ne1 Rc8 23. Nd2 Rc1 24. Kh2 Raa1 25. Ndf3 Ne5 26. Nxe5
dxe5 27. Nc2 Rxf1 28. Nxa1 Rxa1 29. f4 exf4 30. exf4 b4 31. Kg3 b3 32. Kf3 b2
33. Ke4 b1=Q+ 34. Kd5 Ra4 35. f5 Qb5# 0-1

[Event "NAYCC U10"]
[Site "Windsor CAN"]
[Date "2016.08.09"]
[Round "5.139"]
[White "Gaisinsky, Jacob"]
[Black "Ripley, Noah"]
[Result "1-0"]
[WhiteElo "1167"]
[BlackElo "684"]
[PlyCount "75"]
[EventDate "2016.08.07"]
[EventType "swiss"]
[EventRounds "9"]
[EventCountry "CAN"]

1. e4 e5 2. Nf3 Nc6 3. Bc4 Bc5 4. c3 d6 5. d4 Bb6 6. Bb5 exd4 7. cxd4 d5 8.
exd5 Qxd5 9. Nc3 Qd7 10. d5 Qe7+ 11. Qe2 Qxe2+ 12. Nxe2 Ba5+ 13. Nc3 Bxc3+ 14.
bxc3 a6 15. Ba4 b5 16. Bxb5 axb5 17. dxc6 Nf6 18. O-O O-O 19. Bg5 Bg4 20. Nd4
Nd5 21. Nxb5 Rfb8 22. c4 Be2 23. Rfc1 Nb6 24. Nxc7 Ra7 25. c5 Rxc7 26. cxb6
Rxb6 27. Re1 Rb2 28. Rad1 Rc8 29. Rd8+ Rxd8 30. Bxd8 h6 31. c7 Rc2 32. h3 Bb5
33. Rb1 Ba6 34. Rb6 Bc8 35. Rb8 Ba6 36. a4 Kf8 37. Bf6+ Bc8 38. Rxc8# 1-0

[Event "NAYCC U10"]
[Site "Windsor CAN"]
[Date "2016.08.09"]
[Round "5.142"]
[White "Fu, Steven"]
[Black "Jasniewicz, Karol"]
[Result "1-0"]
[WhiteElo "826"]
[BlackElo "971"]
[PlyCount "79"]
[EventDate "2016.08.07"]
[EventType "swiss"]
[EventRounds "9"]
[EventCountry "CAN"]

1. e4 e5 2. Nf3 Nc6 3. Be2 Bc5 4. Nxe5 Nxe5 5. d4 Bxd4 6. Qxd4 Nc6 7. Qxg7 Qf6
8. Qxf6 Nxf6 9. Nc3 d6 10. O-O Be6 11. Be3 O-O-O 12. a4 Rdg8 13. g3 Kb8 14. a5
a6 15. Rab1 Nxa5 16. Bd4 Rg6 17. e5 dxe5 18. Bxe5 Re8 19. Bd3 Rh6 20. Bf4 Rh5
21. b4 Nc6 22. b5 axb5 23. Bxb5 Bd7 24. Ba6 Na5 25. Be2 Rc5 26. Bd2 Ne4 27.
Nxe4 Rxe4 28. Bf3 Rec4 29. Bxa5 Rxa5 30. Bxb7 Ka7 31. Bg2 Rxc2 32. Rb7+ Ka6 33.
Rb8 Rb5 34. Ra1+ Ra5 35. Ra8+ Kb6 36. R8xa5 c5 37. Ra6+ Kb5 38. Bf1+ Kb4 39.
Rb1+ Kc3 40. Ra3+ 1-0

[Event "NAYCC U10"]
[Site "Windsor CAN"]
[Date "2016.08.09"]
[Round "5.121"]
[White "Issani, Nameer"]
[Black "Trakru, Rohun"]
[Result "0-1"]
[WhiteElo "1972"]
[BlackElo "1724"]
[PlyCount "72"]
[EventDate "2016.08.07"]
[EventType "swiss"]
[EventRounds "9"]
[EventCountry "CAN"]

1. d4 e6 2. c4 Nf6 3. Nc3 Bb4 4. e3 O-O 5. Nge2 d5 6. a3 Be7 7. cxd5 exd5 8.
Nf4 c6 9. Bd3 Re8 10. O-O Nbd7 11. f3 Nf8 12. Bc2 Ne6 13. e4 dxe4 14. Nxe6 Bxe6
15. fxe4 Bg4 16. Qd3 Bh5 17. Bf4 Bg6 18. Rad1 c5 19. d5 Bd6 20. Rde1 Bxf4 21.
Rxf4 Nd7 22. d6 c4 23. Qd4 Ne5 24. Rd1 Qg5 25. Nd5 Rad8 26. Qc5 b6 27. Qb4 Re6
28. Ne7+ Kh8 29. Nxg6+ Rxg6 30. Rf2 Nf3+ 31. Kf1 Nxh2+ 32. Kg1 Ng4 33. Qd2 Qh4
34. d7 Qh2+ 35. Kf1 Nxf2 36. Re1 Qxg2+ 0-1

[Event "NAYCC U10"]
[Site "Windsor CAN"]
[Date "2016.08.09"]
[Round "5.122"]
[White "Prem, Pranav"]
[Black "Vu, Leonard"]
[Result "1/2-1/2"]
[WhiteElo "1725"]
[BlackElo "1862"]
[PlyCount "131"]
[EventDate "2016.08.07"]
[EventType "swiss"]
[EventRounds "9"]
[EventCountry "CAN"]

1. d4 c5 2. d5 d6 3. c4 g6 4. Nf3 Bg7 5. Nc3 Nf6 6. e4 O-O 7. Be2 Na6 8. O-O
Nc7 9. Qc2 Bd7 10. Bf4 Rb8 11. Nd2 a6 12. Bg3 b5 13. a3 b4 14. axb4 Rxb4 15. e5
dxe5 16. Bxe5 Qb8 17. Na2 Ba4 18. Qd3 Rb6 19. Qa3 Bc2 20. Qxc5 Rb7 21. Bc3 Rc8
22. Qe3 Ncxd5 23. cxd5 Nxd5 24. Qf3 Nxc3 25. bxc3 Rb6 26. Nc4 Rbc6 27. Nb4 Rxc4
28. Bxc4 Rxc4 29. Nxc2 Rxc3 30. Qe2 Qb2 31. Nd4 Qxe2 32. Nxe2 Rc2 33. Rae1 a5
34. Ng3 a4 35. Rxe7 h5 36. Ra7 Ra2 37. Ne4 a3 38. Nd6 Bf8 39. Nb5 Kg7 40. Rc1
Bc5 41. Ra5 Bxf2+ 42. Kf1 Be3 43. Rc3 Rf2+ 44. Ke1 Bb6 45. Raxa3 Rxg2 46. h3
Rg5 47. Rcb3 Rg1+ 48. Ke2 Rg2+ 49. Kf3 Rf2+ 50. Ke4 f5+ 51. Kd5 Rd2+ 52. Rd3
Rc2 53. Rac3 Ra2 54. Rc6 Bf2 55. Nd6 Ra5+ 56. Ke6 Ra7 57. Rc7+ Rxc7 58. Ne8+
Kh6 59. Nxc7 Kg5 60. Nd5 f4 61. Ke5 Bg3 62. Rf3 Kh4 63. Nxf4 g5 64. Rxg3 Kxg3
65. Nxh5+ Kxh3 66. Nf6 1/2-1/2

[Event "NAYCC U10"]
[Site "Windsor CAN"]
[Date "2016.08.09"]
[Round "5.123"]
[White "Kang, Dorian"]
[Black "Pan, Kevin"]
[Result "1-0"]
[WhiteElo "1528"]
[BlackElo "1936"]
[PlyCount "63"]
[EventDate "2016.08.07"]
[EventType "swiss"]
[EventRounds "9"]
[EventCountry "CAN"]

1. c4 Nf6 2. Nc3 d5 3. cxd5 Nxd5 4. e4 Nxc3 5. bxc3 g6 6. Bc4 Bg7 7. Ne2 O-O 8.
O-O c5 9. Rb1 Nc6 10. f4 Qc7 11. e5 Bf5 12. d3 Na5 13. Ng3 Bd7 14. Bd5 Rad8 15.
Be4 Bc6 16. Qe2 Bxe4 17. Nxe4 b6 18. Bb2 Nc6 19. Rfd1 Rd7 20. d4 cxd4 21. cxd4
Rfd8 22. Rbc1 Qb7 23. Qe3 Bh6 24. Ng5 Bxg5 25. fxg5 e6 26. Qe4 Rd5 27. Qg4 Qd7
28. Ba3 Nxe5 29. Qf4 Rxd4 30. Rxd4 Qxd4+ 31. Qxd4 Rxd4 32. Rc8+ 1-0

[Event "NAYCC U10"]
[Site "Windsor CAN"]
[Date "2016.08.09"]
[Round "5.124"]
[White "Prestia, Frank"]
[Black "Tang, Andrew"]
[Result "0-1"]
[WhiteElo "1640"]
[BlackElo "1539"]
[PlyCount "70"]
[EventDate "2016.08.07"]
[EventType "swiss"]
[EventRounds "9"]
[EventCountry "CAN"]

1. d4 Nf6 2. c4 g6 3. Nc3 Bg7 4. e4 d6 5. f4 O-O 6. Nf3 c5 7. d5 Re8 8. Be2 e6
9. O-O exd5 10. exd5 Bf5 11. Nh4 Ne4 12. Nxe4 Bxe4 13. Nf3 Nd7 14. Qb3 Bxd5 15.
cxd5 Rxe2 16. Qxb7 Bxb2 17. Bxb2 Rb8 18. Qxa7 Rbxb2 19. Ne1 Nf6 20. f5 g5 21.
Qa3 Nxd5 22. Rf3 Qe8 23. Qa5 Rb5 24. Qa3 Rxe1+ 25. Rxe1 Qxe1+ 26. Rf1 Qd2 27.
Qa8+ Kg7 28. Qd8 Nf6 29. Kh1 Rb2 30. Rg1 Ne4 31. h3 Nf2+ 32. Kh2 Qf4+ 33. g3
Ne4+ 34. Kh1 Qf3+ 35. Rg2 Qxg2# 0-1

[Event "NAYCC U10"]
[Site "Windsor CAN"]
[Date "2016.08.09"]
[Round "5.125"]
[White "Balachandran, Kousihan"]
[Black "Guipi Bopala, Prince Eric jr"]
[Result "0-1"]
[WhiteElo "1400"]
[BlackElo "1572"]
[PlyCount "108"]
[EventDate "2016.08.07"]
[EventType "swiss"]
[EventRounds "9"]
[EventCountry "CAN"]

1. e4 e5 2. Nf3 Nc6 3. d4 exd4 4. Nxd4 Bc5 5. Nb3 Bb6 6. Be2 Nf6 7. Nc3 h6 8.
O-O O-O 9. Bf4 d6 10. Bg3 Re8 11. Bf3 Bd7 12. Bh4 Ne5 13. Nd5 g5 14. Nxf6+ Qxf6
15. Bg3 Nxf3+ 16. Qxf3 Qg6 17. Rfe1 Bc6 18. Nd2 Re7 19. Qf5 Rae8 20. Qxg6+ fxg6
21. Re2 Bxe4 22. Rae1 d5 23. Nxe4 Rxe4 24. Rxe4 Rxe4 25. Rxe4 dxe4 26. Kf1 Kf7
27. Ke2 Ke6 28. f3 Kf5 29. fxe4+ Kxe4 30. Be1 Bg1 31. h3 Be3 32. Bc3 Bd4 33.
Bxd4 Kxd4 34. g4 Ke4 35. c3 h5 36. gxh5 gxh5 37. b3 g4 38. hxg4 hxg4 39. c4 Kd4
40. Kf2 Kc3 41. Kg3 Kb2 42. Kxg4 Kxa2 43. Kf3 Kxb3 44. Ke2 Kc2 45. Ke3 a5 46.
Kd4 a4 47. c5 a3 48. c6 bxc6 49. Kc5 a2 50. Kxc6 a1=Q 51. Kxc7 Qa6 52. Kd7 Kd3
53. Ke7 Ke4 54. Kf7 Kf5 0-1

[Event "NAYCC U10"]
[Site "Windsor CAN"]
[Date "2016.08.09"]
[Round "5.126"]
[White "Oberoi, Shelev"]
[Black "Chen, Max"]
[Result "1/2-1/2"]
[WhiteElo "1618"]
[BlackElo "1536"]
[PlyCount "192"]
[EventDate "2016.08.07"]
[EventType "swiss"]
[EventRounds "9"]
[EventCountry "CAN"]

1. e4 e6 2. d4 c5 3. c3 d6 4. Nf3 Nc6 5. Bd3 Nf6 6. O-O Be7 7. Re1 O-O 8. a3 a6
9. Qc2 e5 10. d5 Na7 11. a4 b6 12. Qe2 Qd7 13. Bxa6 Bxa6 14. Qxa6 Nb5 15. Qxb6
Rfb8 16. Qc6 Qd8 17. a5 Rxa5 18. Rxa5 Qxa5 19. b4 Qd8 20. bxc5 Qa5 21. cxd6
Nxd6 22. Be3 Ndxe4 23. Nxe5 Qxd5 24. Qxd5 Nxd5 25. Nc6 Rb2 26. Nxe7+ Nxe7 27.
Na3 f5 28. Bd4 Nc6 29. Nc4 Rb3 30. f3 Nxd4 31. cxd4 Nf6 32. Nd6 g6 33. Re6 Rb1+
34. Kf2 Rb2+ 35. Re2 Rb4 36. Ne8 Nxe8 37. Rxe8+ Kf7 38. Rd8 Ke7 39. Rh8 Rxd4
40. Rxh7+ Kf6 41. Rb7 f4 42. Rb2 g5 43. Rc2 Rd6 44. Ke2 Kf5 45. Kf2 Kf6 46. g3
fxg3+ 47. Kxg3 Kg6 48. Rc5 Kf6 49. Rc4 Kf5 50. Re4 Rd3 51. Re8 Kf6 52. Rf8+ Kg7
53. Re8 Kf6 54. Re4 Kf5 55. Ra4 Rc3 56. h4 gxh4+ 57. Rxh4 Kg5 58. Rh8 Kf5 59.
Rf8+ Kg5 60. Rd8 Kf5 61. Rd5+ Kf6 62. Kg4 Rc4+ 63. f4 Rc6 64. Rh5 Kg7 65. Kg5
Rc5+ 66. f5 Rc6 67. Rh4 Kf7 68. Re4 Ra6 69. Rc4 Rb6 70. Rc7+ Kf8 71. Ra7 Rc6
72. Ra4 Rb6 73. Ra8+ Kf7 74. Ra7+ Kf8 75. Ra3 Kf7 76. Ra7+ Kf8 77. Rh7 Kg8 78.
Rh6 Rxh6 79. Kxh6 Kf7 80. Kh5 Kf6 81. Kg4 Kf7 82. Kg5 Kg7 83. f6+ Kf7 84. Kf5
Kf8 85. Ke6 Ke8 86. Ke5 Kf7 87. Kf5 Kf8 88. Kg6 Kg8 89. Kh5 Kf7 90. Kg5 Kf8 91.
Kf4 Kf7 92. Ke5 Kf8 93. Kd6 Kf7 94. Ke5 Kf8 95. Kf4 Kf7 96. Kf5 Kf8 1/2-1/2

[Event "NAYCC U10"]
[Site "Windsor CAN"]
[Date "2016.08.09"]
[Round "5.127"]
[White "Mundayat, Abinav"]
[Black "Rusonik, Max"]
[Result "1/2-1/2"]
[WhiteElo "1577"]
[BlackElo "1804"]
[PlyCount "77"]
[EventDate "2016.08.07"]
[EventType "swiss"]
[EventRounds "9"]
[EventCountry "CAN"]

1. e4 e5 2. Nf3 Nc6 3. Bc4 Nf6 4. Ng5 d5 5. exd5 b5 6. Bxb5 Qxd5 7. Bf1 Bb7 8.
Nc3 Qa5 9. d3 O-O-O 10. Nxf7 Bc5 11. Nxd8 Rxd8 12. Be3 Nd4 13. a3 Nd5 14. b4
Bxb4 15. axb4 Qxb4 16. Rxa7 Nxc3 17. Qd2 Kb8 18. Ra1 Qb2 19. Rc1 Na2 20. c3
Qxc1+ 21. Qxc1 Nxc1 22. cxd4 Na2 23. dxe5 Nb4 24. Kd2 Be4 25. d4 c5 26. Kc3
cxd4+ 27. Bxd4 Nc6 28. Be3 Rd1 29. Rg1 Bd3 30. Bxd3 Rxg1 31. Bxh7 Kc7 32. g3
Nxe5 33. Bd4 Re1 34. Bxe5+ Rxe5 35. Bd3 Kd6 36. Kd4 Re1 37. h4 Ke6 38. h5 Kf6
39. g4 1/2-1/2